| 000 | 00440nam a2200169Ia 4500 | ||
|---|---|---|---|
| 005 | 20260518112217.0 | ||
| 008 | 251127s9999 xx 000 0 und d | ||
| 020 | _a3790800511 | ||
| 082 |
_a658.51 _bARN-T |
||
| 100 | _aArnold, Heinrich M. | ||
| 245 | 0 | _aTechnology Shocks : | |
| 250 | _aSoftcover reprint of the original 1st ed. 2003 | ||
| 260 |
_a[S.l.] : _bPhysica, |
||
| 300 | _a264p | ||
| 650 | _aManagement Sciences | ||
| 942 | _cBK | ||
| 999 |
_c3531 _d3531 |
||